00417nam a2200145Ia 4500008004100000040001900041041001200060082002300072100001600095245006000111260002600171300002100197650003200218850002100250131103s9999 xx 000 0 und d aLoreto College aEnglish a823.91/WELbLCLIB/ aWells, H.G. aJoan and Peteer and the country of the blindcH.G.Wells aLondonbOdhamsc[19?] ax,504p. c 20cm. aEnglish fiction - criticism aLCLIB/823.91/WEL